00867nam a2200253 a 450000100060000000300080000600500170001400800410003103500190007204000330009104100080012408200240013210000390015624500780019525000120027326000390028530000290032450000210035365000190037470000520039394200120044599900170045795201390047473425BD-RjUL20211209082407.0170531s1954 enk 001 0 eng d a(BD-RjUL)73643 aDLCcCarPdDLCdBD-RjULbeng aeng a808.1bBES 19542231 aBelloc, Hilaired1870-1953.95442010aSonnets and Verse /cby H. Belloc ; with an introduction by Reginald Jebb aNew ed. aLondon :bGerald Duckworth,c1954. axxiii, 188 p. ;c23 cm. aIncludes index. aSonnets960362 a with an introduction by Jebb, Reginald9217191 2ddccBK c73425d73425 00102ddc40718NFICaRUCLbRUCLcReadingd1962-10-20eZeetlingerg15.00l0o808.1 BES 1954r2017-05-31 00:00:00tC-1w2017-05-31yBK